Behaviour management with young children crucial first steps with children 3-7 years
Պահպանված է:
| Հիմնական հեղինակ: | |
|---|---|
| Ձևաչափ: | Գիրք |
| Լեզու: | անգլերեն |
| Հրապարակվել է: |
Sage publication
2014.
|
| Ցուցիչներ: |
Ավելացրեք ցուցիչ
Չկան պիտակներ, Եղեք առաջինը, ով նշում է այս գրառումը!
|
MARC
| LEADER | 00000nam a22000007a 4500 | ||
|---|---|---|---|
| 008 | 211101b ||||| |||| 00| 0 eng d | ||
| 020 | |a 7981446282885 | ||
| 100 | |a Rogers, Bill | ||
| 245 | |a Behaviour management with young children |b crucial first steps with children 3-7 years |c By Bill Rogers, Elizabeth Mcpherson |g xv,217p. | ||
| 250 | |b 2nd edition. | ||
| 260 | |b Sage publication |c 2014. |d Book |h Los Angeles |i 692232 |i 692233 |l LB3013.R63 |m Classroom management |m Ealy childhood education |m Behaviour modification |m Mcpherson, Elizabeth. | ||
| 942 | |a lcc |c BK |e Olagoke, M.A. |f 01/11/2021 | ||
| 952 | |0 0 |1 0 |2 lcc |4 0 |6 LB3013 R63 |7 0 |9 3787 |a HOL |b HOL |c LP |d 2021-11-01 |l 0 |o LB3013.R63 |p 2021-67519 |r 2021-11-01 00:00:00 |w 2021-11-01 |y BK | ||
| 952 | |0 0 |1 0 |2 lcc |4 0 |6 LB3013 R63 |7 0 |9 3788 |a HOL |b HOL |c LP |d 2021-11-01 |l 0 |o LB3013.R63 |p 2021-67520 |r 2021-11-01 00:00:00 |w 2021-11-01 |y BK | ||
| 999 | |c 1890 |d 1890 | ||